Random Country Quiz! - Statistics

General Stats
  • This quiz has been taken 20 times
  • The average score is 18 of 44
Answer Stats
Hint Answers % Correct
Look at the thumbnail! Greece
88%
It's the fourth largest country by area United States
88%
Second largest country by area Canada
81%
Largest country be area Russia
81%
It's between France and Spain Andorra
69%
It's a country in South Asia India
69%
Popular in chocolate Switzerland
69%
Largest Country in Southeast Asia Indonesia
63%
British United Kingdom
63%
The capital of this country is Oslo Norway
56%
It's the sixth largest country by area Australia
50%
It's a country in South America Chile
50%
Helsinki is the capital of this country Finland
50%
The Dahlia is the national flower of this Country Mexico
50%
It starts with O Oman
50%
The flag colors are red and white Poland
50%
Smallest country in the world Vatican city
50%
It has Guinea in it's name Equatorial Guinea
44%
It shares a border with Greece Turkey
44%
One of the Countries it borders is Colombia Venezuela
44%
The name starts with Y Yemen
44%
It has 11 letters in it's name Afghanistan
38%
It has an eagle on it's flag Egypt
38%
It's a country in Westren Asia Kuwait
38%
Country in Oceania Papua New Guinea
38%
The national flower is Red poppy Belgium
31%
One of the seven new Wonders of the world (Petra) is located in this country Jordan
31%
This country starts with K Kiribati
31%
It's a country in West Africa Mali
31%
The capital of this country is Dili East Timor
25%
Country in Oceania Palau
25%
There is an island in this country that is named Banana island Qatar
25%
This country has the heaviest building in the world Romania
25%
It's in Asia Syria
25%
It's a country in the Pacific ocean Tuvalu
25%
Marguerite Daisy is the national flower Denmark
19%
It's a country in the Caribbean Haiti
19%
A country Northeast of Australia Nauru
19%
A country in West Africa Ivory Coast
13%
January 1 is independence day for the country Sudan
13%
A country in Africa Zambia
13%
The White-Tailed deer is the national animal Costa Rica
6%
It has a very long name Saint Vincent and the Grenadines
6%
It's know for it's castles Slovakia
6%
No matching quizzes found
Score Distribution
Percent of People with Each Score
Percentile by Number Answered
Your Score History
You have not taken this quiz